| 000 | 00512nam a22001457a 4500 | ||
|---|---|---|---|
| 082 | _a004 | ||
| 100 | _aHaider, Muhammad Murad | ||
| 245 |
_aPolicy based Governance of Virtual Organizations in the Context of Service Oriented Architecture / _cMuhammad Murad Haider |
||
| 260 |
_aIslamabad : _bMCS - NUST, _c2012. |
||
| 300 |
_a74 p. ; _c30cm. |
||
| 650 |
_aSoftware Engineering-MS-Thesis _916149 |
||
| 700 |
_aDr. Awais Majeed _935045 |
||
| 942 |
_2ddc _cTHE |
||
| 999 |
_c540822 _d540822 |
||